000 00311nam a22001337a 4500
008 170607b xxu||||| |||| 00| 0 eng d
020 _a9780870032097
041 _aeng
080 _a327
100 _a18
101 _aSHP
245 _aCRITICAL ,ISSION E ASY ON DEMOCRACY
_cCAROTHERS.TH
942 _2udc
_cBK
999 _c16309
_d16309